¡A caza de cuervos! (Record no. 157147)
[ view plain ]
| 000 -LEADER | |
|---|---|
| campo de control de longitud fija | 01038nam a22002055i 4500 |
| 001 - NÚMERO DE CONTROL | |
| campo de control | 157147 |
| 003 - IDENTIFICADOR DE NÚMERO DE CONTROL | |
| campo de control | ES-MaACL |
| 005 - FECHA Y HORA DE LA ÚLTIMA TRANSACCIÓN | |
| campo de control | 20250822231020.0 |
| 008 - DATOS DE LONGITUD FIJA--INFORMACIÓN GENERAL | |
| campo de control de longitud fija | 020222s1854 sp |||| | spa d |
| 040 ## - FUENTE DE CATALOGACIÓN | |
| Centro catalogador/agencia de origen | CAM |
| Lengua de catalogación | spa |
| Centro/agencia transcriptor | CAM |
| 100 1# - ENTRADA PRINCIPAL--NOMBRE DE PERSONA | |
| Nombre de persona | Larrea, José María de. |
| 9 (RLIN) | 128705 |
| 245 11 - MENCIÓN DEL TÍTULO | |
| Título | ¡A caza de cuervos! |
| Resto del título | : comedia en tres actos / |
| Mención de responsabilidad, etc. | arreglada del francés por J.M. de Larrea y L.M. de Larra. |
| 260 ## - PUBLICACIÓN, DISTRIBUCIÓN, ETC. | |
| Lugar de publicación, distribución, etc. | Madrid : |
| Nombre del editor, distribuidor, etc. | [s.n.], |
| Fecha de publicación, distribución, etc. | 1854 ( |
| Fabricante | imprenta de José Rodriguez) |
| 300 ## - DESCRIPCIÓN FÍSICA | |
| Extensión | 48 p. ; |
| Dimensiones | 20 cm. |
| 500 ## - NOTA GENERAL | |
| Nota general | En port.: Representada en el Teatro de Variedades, la noche del 24 de diciembre de 1853. |
| 596 ## - NOTA AL PIE DE IMPRENTA | |
| NOTA AL PIE DE IMPRENTA | En verso de port. consta: La propiedad de esta comedia pertenece la director de la Galería lírico-drámatica El Teatro ... |
| 700 1# - ENTRADA AGREGADA--NOMBRE PERSONAL | |
| Nombre de persona | Larra y Wetoret, Luis Mariano de, |
| Fechas asociadas al nombre | 1830-1901 |
| 9 (RLIN) | 70289 |
| 852 ## - LOCALIZACIÓN | |
| Ubicación | ES-MaACL |
| Número de control de estantería | F-8613(5) |
| Nota libre | -- Enc. pasta española |
| condición física | -- Falto de la cub. original |
| Nota libre | -- Enc. en un vol. facticio formando parte de la col. facticia "Teatro español moderno", vol. 68 |
| Estatus retirado | Estado de pérdida | Estado de daño | No para préstamo | Colección | Biblioteca de origen | Biblioteca actual | Ubicación en estantería | Fecha de adquisición | Total de préstamos | Signatura topográfica completa | Código de barras | Visto por última vez | Precio de reemplazo | Tipo de ítem Koha |
|---|---|---|---|---|---|---|---|---|---|---|---|---|---|---|
| Libros del s. XIX | Biblioteca del Ateneo de Madrid | Biblioteca del Ateneo de Madrid | Sala Pecera Planta 2 | 17/01/2008 | F-8613(5) | 1164423 | 23/02/2023 | 23/02/2023 | Libro impreso antiguo |
